Problemas del Comunismo : vol. VII, no. 5, sept-oct 1960/
Enregistré dans:
| Format: | Livre |
|---|---|
| Langue: | espagnol |
| Publié: |
Washington, DC, EUA :
Agencia de Información de los Estados Unidos de América,
1960
|
| Tags: |
Pas de tags, Soyez le premier à ajouter un tag!
|
MARC
| LEADER | 00000nam^a2200000^a^4500 | ||
|---|---|---|---|
| 001 | 000624773 | ||
| 005 | 20260220000000.0 | ||
| 009 | 20260310134003.161 | ||
| 037 | |a Acervo ITESO - Biblioteca | ||
| 041 | |a ESP | ||
| 091 | |a FOB. 03122 | ||
| 240 | 1 | 1 | |a [Problemas del Comunismo] |
| 245 | 0 | 0 | |a Problemas del Comunismo : |b vol. VII, no. 5, sept-oct 1960/ |
| 264 | 1 | |a Washington, DC, EUA : |b Agencia de Información de los Estados Unidos de América, |c 1960 | |
| 300 | |a 64 p. | ||
| 336 | |a texto |b txt |2 rdacontenido | ||
| 337 | |a sin mediación |b n |2 rdamedio | ||
| 338 | |a volumen |b nc |2 rdasoporte | ||
| 649 | |a XX | ||
| 910 | |a Fondo Carlos de Obeso Orendain | ||
| 920 | |a Impresos - Libros | ||
| 930 | |a Fondos Especiales | ||
| 905 | |a 147 | ||
| 901 | |a 624773-10 |b IT2 |c ESP |i D85026 |u 20251121 | ||
| 902 | |a https://opac.biblio.iteso.mx/vufind/Record/000624773 | ||